Négy szegedi egyetemi tanárt Budapestre, illetve Debrecenbe helyeztek megjelentek a legutóbbi kinevezések

Elmentve itt :
Bibliográfiai részletek
Dokumentumtípus: Cikk
Megjelent: 1934-07-29
Sorozat:Délmagyarország 10 No. 170
Kulcsszavak:Kinevezés egyetemi tanár 1934
Online Access:http://dmarchiv.bibl.u-szeged.hu/48522
LEADER 00500nab a2200145 i 4500
001 delm48522
005 20180927134901.0
008 180927s1934 hu o 0|| hun d
040 |a SZTE Délmagyarország Archívum  |b hun 
041 |a hun 
245 0 0 |a Négy szegedi egyetemi tanárt Budapestre, illetve Debrecenbe helyeztek   |h [elektronikus dokumentum] :  |b megjelentek a legutóbbi kinevezések 
260 |c 1934-07-29 
300 |a 3 
490 0 |a Délmagyarország  |v 10 No. 170 
695 |a Kinevezés egyetemi tanár 1934